000 00646nam a22001937a 4500
999 _c175472
_d175472
005 20200907115911.0
010 _aUR-10837
020 _c250.00
_a9789389733815
035 _aU-9392
037 _bDBAD/PUB
082 _a440
100 _aو ر تل سنگھ
245 _aا ک گو نہ بے خو د ی
_cو ر تل سنگھ
246 _bIk Guna Be Khudi (Urdu)
_aby Vertul Singh
260 _aN.Delhi
_bEducational Publishing House
_c2020 ء
270 _aH.O.D1/16,Ansari Road,Darya ganj,
_bN.Delhi
_e110002
_k45678285,23216162
_l0091-11-23211540
300 _a128 ص
_c22 Cm(Hb)
942 _2ddc
_cUR
_h440
_mو ر ت